Statistics for Western Africa Map Quiz

Click here to take the quiz!

General Stats

  • This quiz has been taken 50,701 times
    (50,665 since last reset)
  • The average score is 13 of 16

Answers on the Map

Answers color-coded by a green-red scale on the quiz's map according to % correct below.
 

Answer Stats

Answer% Correct
Nigeria
92%
Mali
91%
Niger
89%
Mauritania
88%
Cape Verde
86%
Togo
84%
Burkina Faso
82%
Ivory Coast
82%
Senegal
82%
Gambia
79%
Ghana
78%
Guinea-Bissau
75%
Liberia
75%
Sierra Leone
74%
Benin
72%
Guinea
71%

Score Distribution

Percentile by Number Answered

Percent of People with Each Score

Your Score History

You have not taken this quiz since the last reset